A summer place : a novel /

Bibliographic Details
Main Author: Wilson, Sloan, 1920-2003
Format: Book
Language:English
Published: New York : Simon and Schuster, [1958]

MARC

Tag First Indicator Second Indicator Subfields
LEADER 00000cam a2200000 4500
001 in00000024285
005 20151007061101.0
008 720421s1958 nyu 00001 eng u
035 |a (OCoLC)00290847 
035 |9 AAD1041AM 
040 |c WSU  |d TXA  |d UtOrBLW 
049 |a TXAM  |c [454936] 
090 |a PS3573.I475  |b S8 1958 
092 |a 813  |b W753su 
100 1 |a Wilson, Sloan,  |d 1920-2003. 
245 1 2 |a A summer place :  |b a novel /  |c by Sloan Wilson. 
264 1 |a New York :  |b Simon and Schuster,  |c [1958] 
264 4 |c ©1958 
300 |a 277 pages 
336 |a text  |b txt  |2 rdacontent 
337 |a unmediated  |b n  |2 rdamedia 
338 |a volume  |b nc  |2 rdacarrier 
999 |a MARS 
999 f f |s 0c9f0e5e-ee04-3b00-8a75-fdeaecb7fe4e  |i da9abaed-a533-3e19-b41e-c95b8f545044  |t 0 
952 f f |p ric  |a Texas A&M University  |b Rellis Campus  |c Joint Library Facility  |d Remote Storage  |t 0  |e PS3573.I475 S8 1958  |h Library of Congress classification  |i unmediated -- volume  |m A14801255443 
998 f f |a PS3573.I475 S8 1958  |t 0  |l Remote Storage